[Event "GCT Saint Louis Blitz 2018"]
[Site "Saint Louis"]
[Date "2018.08.14"]
[Round "16"]
[White "Karjakin, Sergey"]
[Black "Vachier-Lagrave, Maxime"]
[Result "1/2-1/2"]
[WhiteElo "2898"]
[BlackElo "2878"]
[Annotator "TA"]
[PlyCount "89"]
[EventDate "2018.08.14"]
[EventType "tourn"]
[EventCountry "USA"]
[SourceTitle "playchess.com"]
[Source "ChessBase"]
[SourceQuality "1"]

{[%evp 18,89,37,5,4,0,0,0,0,0,13,0,23,21,37,27,24,19,39,36,19,23,23,0,3,0,0,0,15,16,22,31,90,0,0,0,0,0,0,0,8,0,23,0,0,0,0,0,0,-63,-59,-54,-56,-59,-53,-51,-52,-113,-118,-114,-108,-130,-63,-108,-37,-108,-42,-86,-15,-25,0,-91,0,-16]} 1. Nf3 c5 2. e3 Nf6 3. d4 d5 4. Nbd2 cxd4 5. exd4 Nc6 6. c3 g6 7. Bd3 Bg7 8. O-O O-O 9. Re1 Qc7 {B13: Caro-Kann (Abtausch-Variante 4.c4)} (9... Bf5 10. Bxf5 gxf5 11. Nf1 e6 12. Ng3 Rc8 13. Bf4 b5 14. Ne5 Qb6 15. Nh5 Nxh5 16. Qxh5 Nxe5 17. Bxe5 Bxe5 18. Rxe5 {1-0 (65) Stefanova,A (2517)-Muzychuk,A (2545) Beijing 2014}) 10. Nf1 {LiveBook: 3 Partien} Bg4 11. h3 Bxf3 $1 12. Qxf3 e5 13. dxe5 Nxe5 14. Qd1 Nxd3 $146 ({Vorgänger:} 14... Rfe8 15. Bf4 Nh5 16. Bh2 Qb6 17. Rb1 {½-½ (66) Nikolic,M (1982)-Perunovic,L (2171) Nis 2004}) 15. Qxd3 Qc6 16. Be3 Ne4 17. Bd4 Nc5 18. Qd2 Bxd4 19. Qxd4 Ne6 20. Qf6 d4 21. cxd4 Rad8 $1 22. Rac1 Qb6 23. d5 Rxd5 24. Ne3 Rd7 {[#]} (24... Rd2 $14) 25. Ng4 (25. Rcd1 $1 $16 {[%cal Rd1d7]} Qc6 26. Ng4) 25... h5 $11 26. Ne5 Rd6 $1 27. Rc8 {Weiss will mit Dxf7+ Matt setzen.} Nd8 $1 28. Qf4 Rf6 29. Qd2 Rd6 30. Qc3 {[#] Sc4 ist eine echte Drohung.} Qd4 $1 31. Qb3 Re6 32. Rc4 Qd5 33. Rce4 ({Lieber} 33. f4 $11) 33... Qxb3 $15 34. axb3 {Und Sd7 würde nun gewinnen.} Rfe8 35. f3 f5 36. R4e3 Nc6 37. f4 (37. Nc4 $15 Rxe3 38. Rxe3 Rxe3 39. Nxe3) 37... Nxe5 $17 38. fxe5 {[%mdl 4096] Endspiel KTT-KTT} Kf7 39. Kf2 Rb6 (39... h4 $17 40. Kf3 g5) 40. Kf3 Rb4 (40... h4 $17) 41. Rd1 (41. Ra1 $15) 41... Re7 (41... g5 $17 42. Rd5 g4+ 43. Ke2 f4) 42. Rd6 Re6 (42... h4 $17) 43. Rd7+ $1 $11 Re7 (43... Kf8 $11) 44. Rd6 $17 Re6 (44... h4 $17) 45. Rd7+ $1 {Precision: Weiß = 41%, Schwarz = 48%.} 1/2-1/2

[Event "GCT Saint Louis Blitz 2018"]
[Site "Saint Louis"]
[Date "2018.08.14"]
[Round "16"]
[White "Anand, Viswanathan"]
[Black "Dominguez Perez, Leinier"]
[Result "1/2-1/2"]
[WhiteElo "2812"]
[BlackElo "2687"]
[Annotator "TA"]
[PlyCount "73"]
[EventDate "2018.08.14"]
[EventType "tourn"]
[EventCountry "USA"]
[SourceTitle "playchess.com"]
[Source "ChessBase"]
[SourceQuality "1"]

{[%evp 13,73,0,3,-2,12,0,0,0,22,0,14,6,13,-4,-8,-6,0,-20,-16,-17,0,0,5,6,132,14,27,19,32,11,6,0,10,0,12,8,32,12,10,0,7,0,0,0,0,0,0,0,0,0,0,0,0,0,0,0,0,0,0,0,0,0]} 1. e4 e5 2. Nf3 Nc6 3. Bb5 Nf6 4. d3 Bc5 5. O-O Nd4 6. Ba4 {C65: Spanische Partie (Berliner-Verteidigung)} (6. Nxd4 Bxd4 7. Ba4 O-O 8. Nd2 d5 9. exd5 Qxd5 10. Bb3 Qc6 11. Qf3 Bd7 12. h3 Rae8 13. Re1 b5 14. Qxc6 Bxc6 {½-½ (78) Caruana,F (2816)-Karjakin,S (2782) Paris 2018}) 6... Nxf3+ 7. Qxf3 O-O {LiveBook: 15 Partien} 8. Bg5 Be7 9. Nc3 d6 10. Bb3 Be6 11. Qe2 $146 ({Vorgänger:} 11. Bxe6 fxe6 12. Qh3 Qd7 13. a4 {½-½ (49) Glaser,K (2254)-Paulik,V (2311) ICCF email 2011}) 11... Nd7 12. Bxe7 Qxe7 13. f4 exf4 14. Rxf4 Nc5 15. Raf1 Nxb3 16. axb3 Qg5 17. Qf2 c5 18. Nd5 {Und weiter mit Sc7 wäre nett.} Qe5 (18... Qd8 $11 {hält das Gleichgewicht.}) 19. Nc7 (19. Ne7+ $16 Kh8 20. Qh4) 19... Rad8 20. Nxe6 Qxe6 21. Rf5 b6 22. Rd5 f6 23. Qd2 Rfe8 24. b4 Qf7 25. c4 Re5 {Die Stellung ist ausgeglichen.} 26. bxc5 bxc5 27. b4 Qc7 28. b5 Rxd5 29. exd5 $11 {[%mdl 4096] Endspiel KDT-KDT} Re8 30. Ra1 Re5 31. Re1 Qe7 32. Rxe5 Qxe5 33. h3 Qa1+ 34. Kh2 Qe5+ 35. Kg1 Qa1+ 36. Kh2 Qe5+ 37. Kg1 {Precision: Weiß = 35%, Schwarz = 41%.} 1/2-1/2

[Event "GCT Saint Louis Blitz 2018"]
[Site "Saint Louis"]
[Date "2018.08.14"]
[Round "16"]
[White "So, Wesley"]
[Black "Mamedyarov, Shakhriyar"]
[Result "1-0"]
[WhiteElo "2800"]
[BlackElo "2795"]
[Annotator "TA"]
[PlyCount "117"]
[EventDate "2018.08.14"]
[EventType "tourn"]
[EventCountry "USA"]
[SourceTitle "playchess.com"]
[Source "ChessBase"]
[SourceQuality "1"]

{[%evp 14,117,17,0,0,0,2,10,13,-52,5,8,14,8,24,34,38,18,45,40,44,44,52,52,40,34,44,16,33,32,45,60,106,111,196,192,195,202,206,192,201,210,193,188,201,196,188,188,255,237,250,243,243,243,248,241,239,233,320,3,6,0,327,315,290,206,197,156,164,161,157,156,150,139,322,320,305,322,312,304,276,209,332,328,279,183,197,152,220,222,352,286,1734,325,1935,1681,1961,1725,29977,29978,29989,29989,29991,29992,29992,29993]} 1. e4 c6 2. d4 d5 3. exd5 cxd5 4. Bd3 Nc6 5. c3 Nf6 6. h3 g6 7. Nf3 {B13: Caro-Kann: Exchange Variation and Panov-Botvinnik Attack} (7. Qc2 e5 8. dxe5 Nxe5 9. Nd2 Nxd3+ 10. Qxd3 Bd6 11. Ngf3 O-O 12. O-O Bf5 13. Qd4 Re8 14. Rd1 Rc8 {1-0 (25) Aronian,L (2767)-Caruana,F (2822) chess.com INT 2018}) 7... Bf5 8. Be2 {LiveBook: 3 Games} Qc7 9. O-O {The position is equal.} Bg7 10. Re1 O-O 11. Nbd2 {[#]} (11. Be3 $11) 11... Rfe8 (11... Nb4 $1 $15 {[%mdl 512]} 12. Rf1 (12. cxb4 $2 Bc2 $19) 12... Bc2) 12. Nf1 $146 ({Predecessor:} 12. g4 Bd7 13. Nf1 a6 14. Ng3 e5 15. dxe5 Nxe5 16. Nxe5 Qxe5 {1-0 (55) Lesnic,G (1487)-Keen,C (1721) Maribor 2012}) 12... Rad8 13. Ng3 Ne4 14. Nxf5 gxf5 15. Bf1 Bf6 16. g3 Kh8 17. Bf4 Qc8 18. Bg2 Rg8 19. Re2 Rg7 20. Kh2 Rdg8 21. Rc1 e6 22. c4 $36 {[%mdl 2048] White has the initiative.} Qd7 23. Ne5 Nxe5 (23... Qd8 $16 {was necessary.}) 24. dxe5 $18 Bg5 25. Bxg5 Rxg5 26. Bxe4 fxe4 {[#]} 27. Rxe4 $1 {[%mdl 512]} Rd8 (27... dxe4 28. Qxd7) 28. cxd5 exd5 29. Re2 d4 30. Qd3 Qe6 (30... Rg6 $142 31. f4 Rdg8) 31. Rc4 Rxe5 32. Rxd4 Rxe2 33. Rxd8+ {[%mdl 4096] Endgame KQR-KQR} Kg7 34. Qd4+ Qe5 {Black wants to play ...Qxd4.} 35. Qg4+ (35. Qxa7 Qxb2 36. Qd4+ Qxd4 $11) 35... Kh6 36. Qh4+ $2 (36. Qf3 $1 $18 f5 37. Rd7) 36... Kg7 $11 37. Qg4+ $2 {[%mdl 8192]} (37. Kg2 $11 Qe3 38. Qg4+ Kf6 39. Qh4+ Kg7 40. g4 (40. Qg4+ Kf6 $11)) 37... Kh6 $18 38. Qf3 $1 f5 39. Rf8 Qe4 40. Rxf5 {Intending Qh5+ and mate.} Qxf3 41. Rxf3 Rxb2 {KR-KR} 42. a3 b5 43. g4 a5 $2 (43... Rd2 $16 44. Kg3 a5) 44. Kg2 Kg6 45. Rf5 $1 a4 46. Kg3 Rb3+ {[#]} 47. f3 $1 h6 (47... Rxa3 $142 48. Rxb5 Kf6) 48. h4 Rb1 49. h5+ Kg7 50. Rc5 Rb3 {[#]} (50... b4 $16 {was called for.}) 51. Kf4 $1 Kf6 (51... Rxa3 {might work better.} 52. Rxb5 Rb3) 52. Rc6+ Kf7 $2 (52... Kg7 53. Rg6+ Kh7) 53. Rb6 $2 (53. Rxh6 b4 54. axb4) 53... Ke7 $2 (53... Kg7 54. Ke4 b4 55. axb4 a3) 54. Rxh6 Rxa3 55. Rb6 Rb3 56. h6 {[%cal Bh5h6,Bh6h7][%mdl 32] White mates.} Kf7 57. g5 {[%cal Bg4g5,Bg5g6][%mdl 32]} a3 58. g6+ Ke7 59. h7 {Precision: White = 62%, Black = 41%.} 1-0

[Event "GCT Saint Louis Blitz 2018"]
[Site "Saint Louis"]
[Date "2018.08.14"]
[Round "16"]
[White "Caruana, Fabiano"]
[Black "Grischuk, Alexander"]
[Result "1/2-1/2"]
[WhiteElo "2709"]
[BlackElo "2831"]
[Annotator "TA"]
[PlyCount "91"]
[EventDate "2018.08.14"]
[EventType "tourn"]
[EventCountry "USA"]
[SourceTitle "playchess.com"]
[Source "ChessBase"]
[SourceQuality "1"]

{[%evp 14,91,21,12,20,8,7,10,23,0,13,0,0,0,0,-9,0,0,0,0,0,0,0,0,56,31,44,29,36,0,0,10,15,4,12,22,10,20,21,-2,-2,-2,-2,-2,-2,-2,-9,-10,-9,0,0,0,0,-10,-4,-26,0,0,0,0,8,8,12,15,19,0,0,0,8,0,0,0,0,0,0,0,0,0,48,0]} 1. d4 Nf6 2. Nf3 g6 3. Bg5 Bg7 4. Nbd2 d5 5. e3 O-O 6. c3 c5 7. Bd3 cxd4 8. exd4 {LiveBook: 26 Games} Qb6 {D03: 1 d4 d5 2 Nf3 Nf6 3 Bg5, including Torre Attack with early ...d5} (8... Nc6 9. O-O h6 10. Bh4 g5 11. Bg3 Nh5 12. Re1 Nxg3 13. hxg3 Qd6 14. Qe2 Bg4 15. Rad1 Rae8 16. Bb1 e6 17. Nf1 {½-½ (25) Dobosz,H (2404)-Prusikin,M (2534) Austria 2009}) 9. Rb1 Qe6+ 10. Be2 $146 ({Predecessor:} 10. Qe2 Qxe2+ 11. Bxe2 Nc6 12. O-O h6 13. Be3 Ng4 14. Bf4 g5 15. Bc7 Bf5 16. Rbd1 {½-½ (25) Bendig,F (2329)-Mehlhorn,W (2425) GER email 2006}) 10... Qb6 {The position is equal.} 11. Bd3 Qe6+ 12. Be3 Ng4 13. Qe2 Nxe3 14. fxe3 Nd7 15. O-O Qb6 16. c4 e5 17. cxd5 exd4 18. e4 Qc7 (18... Nc5 $11) 19. Rbc1 $14 Qf4 20. Kh1 Qe3 21. Nc4 Qxe2 22. Bxe2 Nc5 {[#] White must now prevent ...d3.} 23. Nd6 d3 24. Rxc5 dxe2 25. Re1 b6 26. Rc2 Ba6 27. b4 Rad8 28. b5 Rxd6 29. bxa6 f5 30. exf5 Rxf5 31. Rexe2 Rfxd5 32. g3 Rc5 33. Kg2 Bf8 34. Ne5 Re6 35. Nd7 Rxe2+ 36. Rxe2 $11 {[%mdl 4096] Endgame KRB-KRN} Ra5 37. Re8 $1 {[%cal Re8f8]} Kf7 38. Rxf8+ {KRN-KR} Ke7 39. Ra8 Kxd7 40. Rxa7+ {KR-KR} Ke6 41. h4 h5 42. Kf3 {[#] aiming for Ra8.} Rxa2 43. Ra8 Kf7 44. Ke4 Ra5 $1 45. Kd4 {Threatens to win with Kc4.} Kg7 46. Ke4 {Precision: White = 59%, Black = 75%.} 1/2-1/2

[Event "GCT Saint Louis Blitz 2018"]
[Site "Saint Louis"]
[Date "2018.08.15"]
[Round "17"]
[White "Karjakin, Sergey"]
[Black "Caruana, Fabiano"]
[Result "0-1"]
[WhiteElo "2898"]
[BlackElo "2709"]
[Annotator "TA"]
[PlyCount "61"]
[EventDate "2018.08.14"]
[EventType "tourn"]
[EventCountry "USA"]
[SourceTitle "playchess.com"]
[Source "ChessBase"]
[SourceQuality "1"]

{[%evp 21,61,22,12,0,19,40,37,38,35,16,31,20,29,26,25,18,18,0,0,0,0,-67,-62,-56,-48,-61,-58,-63,-15,-76,-81,-371,-383,-350,-362,-581,-593,-5314,-2542,-5306,-5285,-29993]} 1. Nf3 d5 2. e3 Nf6 3. c4 c6 4. d4 Bf5 5. Nc3 e6 6. Nh4 Be4 7. f3 Bg6 8. Qb3 Qc7 9. Bd2 {D12: Slav Defence: 3 Nf3 Nf6 4 e3 Bf5} Be7 10. O-O-O dxc4 11. Bxc4 a6 {LiveBook: 7 Games} 12. Be2 Nbd7 {[%cal Bb8d7,Bd7f6,Bf6d5][%mdl 32]} 13. Nxg6 hxg6 14. Kb1 c5 {[#]} 15. d5 $146 ({Predecessor:} 15. Rc1 b5 16. Ne4 Nxe4 17. fxe4 {1-0 (51) Levin,E (2518)-Malakhov,V (2702) St Petersburg 2015}) 15... exd5 16. Nxd5 Nxd5 17. Qxd5 {Strongly threatening Ba5!} Nf6 18. Qb3 b5 19. e4 c4 20. Qe3 Rd8 21. e5 (21. h4 $11) 21... Nd5 $36 {[%mdl 2048] White is under pressure.} 22. Qe4 O-O 23. Bc1 Qc6 24. h4 Qe6 {aiming for ...c3.} 25. f4 (25. h5 $11 {keeps the balance.}) 25... c3 $1 $17 26. a3 $2 {[%mdl 8192] [#]} (26. Rd4 $17) 26... cxb2 $1 $19 27. Bxb2 {[#]} Bxa3 $1 {[%mdl 512] And now ...Nc3+! would win.} 28. Rxd5 $2 (28. Rh3 {might work better.} Bxb2 29. Kxb2) (28. Bxa3 Nc3+) 28... Rxd5 {Black is clearly winning.} 29. Bxa3 {[#]} Rd2 $1 {[%mdl 512]} 30. Kc1 {[#]} Qa2 $1 {[%mdl 512] ( -> ...Rc8+)} 31. Bg4 {Precision: White = 17%, Black = 88%.} 0-1

[Event "GCT Saint Louis Blitz 2018"]
[Site "Saint Louis"]
[Date "2018.08.14"]
[Round "17"]
[White "Vachier-Lagrave, Maxime"]
[Black "So, Wesley"]
[Result "1/2-1/2"]
[WhiteElo "2878"]
[BlackElo "2800"]
[Annotator "TA"]
[PlyCount "82"]
[EventDate "2018.08.14"]
[EventType "tourn"]
[EventCountry "USA"]
[SourceTitle "playchess.com"]
[Source "ChessBase"]
[SourceQuality "1"]

{[%evp 26,82,22,19,25,19,27,8,20,-7,13,0,0,-12,0,0,0,0,0,0,14,0,0,0,0,0,0,0,29,35,38,0,12,0,3,0,0,-9,-10,-10,0,0,0,0,0,-15,0,0,6,-3,-3,-6,0,0,0,-9,-5,-27,-28]} 1. e4 e5 2. Nf3 Nc6 3. Bb5 {[%cal Bf1b5,Bb5a4,Ba4b3][%mdl 32]} a6 4. Ba4 Nf6 5. O-O Be7 6. d3 b5 7. Bb3 d6 8. a3 O-O 9. Nc3 Na5 {C77: Ruy Lopez: 3...a6 4 Ba4 Nf6, unusual lines} 10. Ba2 Be6 11. b4 Bxa2 12. Rxa2 Nc6 13. Bg5 Ng4 14. Bd2 {LiveBook: 4 Games} Nf6 15. Re1 Qd7 16. Qb1 {[#]} Rfb8 $146 ({Predecessor:} 16... Rab8 17. Nd5 Nxd5 18. exd5 {½-½ (37) Bacrot,E (2715)-Leko,P (2678) Biel 2017}) 17. Qb3 h6 18. Raa1 a5 19. Ne2 {[%cal Bc3e2,Be2g3,Bg3f5][%mdl 32]} Qc8 20. Ng3 axb4 21. axb4 Rxa1 22. Rxa1 Ra8 23. Ra3 Qb7 24. Nf5 Bf8 25. c3 Rxa3 26. Qxa3 Qa7 (26... Ne7 {keeps more tension.} 27. Nxe7+ Bxe7 28. Qa2 Nd7 29. h3 c5) 27. Qxa7 Nxa7 28. Be3 Nc8 29. Nd2 h5 30. Bg5 Ne8 31. Nb3 g6 32. Ng3 f6 33. Be3 Kf7 34. d4 Ke6 35. f4 Kd7 36. Kf2 c6 37. Kf3 exf4 38. Bxf4 Nb6 39. Ne2 Nc7 40. Nd2 Ne6 41. Be3 d5 {Precision: White = 34%, Black = 66%.} 1/2-1/2

[Event "GCT Saint Louis Blitz 2018"]
[Site "Saint Louis"]
[Date "2018.08.14"]
[Round "17"]
[White "Aronian, Levon"]
[Black "Anand, Viswanathan"]
[Result "1-0"]
[WhiteElo "2871"]
[BlackElo "2812"]
[Annotator "TA"]
[PlyCount "55"]
[EventDate "2018.08.14"]
[EventType "tourn"]
[EventCountry "USA"]
[SourceTitle "playchess.com"]
[Source "ChessBase"]
[SourceQuality "1"]

{[%evp 21,55,0,25,20,33,12,67,51,36,54,58,42,39,34,40,43,34,10,122,115,119,110,120,114,187,112,108,0,0,-37,0,0,536,524,876,870]} 1. e4 e5 2. Nf3 Nf6 3. Nxe5 d6 4. Nf3 Nxe4 5. Nc3 Nxc3 6. dxc3 Be7 7. Be3 Nd7 8. Qd2 {C42: Russische Verteidigung (Petrow)} O-O 9. O-O-O c6 10. h4 d5 (10... Re8 11. Bd3 d5 12. Kb1 Bc5 13. Bd4 Bxd4 14. cxd4 Nf6 15. Rde1 Ne4 {½-½ (34) Karjakin,S (2782)-Giri,A (2782) Leuven 2018}) 11. Kb1 Nf6 {LiveBook: 3 Partien} 12. Bd3 Re8 13. Ng5 {[%cal Bf3g5,Bg5h3,Bh3f4][%mdl 32]} h6 ({Lieber} 13... a5 $11) 14. f3 $1 $14 c5 $146 {Schwarz will ...c4 spielen.} ({Vorgänger:} 14... Bd6 15. g4 Qc7 {1-0 (44) Zuev,D (2483)-Grishin,S (2376) ICCF email 2015}) 15. g4 {[%cal Bg2g4,Bg4g5][%mdl 32]} c4 16. Bf1 b5 $1 17. Nh3 b4 18. g5 Nh5 $1 {[%cal Rh5g3] [#] Und ...Sg3 würde nun gewinnen.} 19. Nf4 Ng3 (19... Nxf4 $11 {hält das Gleichgewicht.} 20. Bxf4 bxc3 21. Qxc3 Qb6) 20. Rg1 $16 hxg5 21. hxg5 Nxf1 22. Rdxf1 {Droht Th1 und aus.} Bf5 23. Qh2 (23. cxb4 $18 d4 24. Bxd4 (24. Qxd4 Qxd4 25. Bxd4 Bxb4 $14) 24... Bxb4 25. Qf2) 23... Bxg5 {[#]} 24. Bd4 $40 {[%mdl 128] Weiss greift an.} ({Weiss braucht} 24. Ne6 $1 $16 Rxe6 25. Rxg5 Rxe3 26. Rh5) 24... b3 $11 25. Nh5 bxc2+ 26. Ka1 Bg6 $2 {[%mdl 8192]} (26... Bd3 $11 {und Schwarz muss sich keine Sorgen machen.} 27. Nxg7 Re2) 27. Nxg7 $18 Be3 {Und weiter mit ...Lxd4 wäre nett.} 28. Rh1 {Precision: Weiß = 64%, Schwarz = 45%.} 1-0

[Event "GCT Saint Louis Blitz 2018"]
[Site "Saint Louis"]
[Date "2018.08.14"]
[Round "17"]
[White "Dominguez Perez, Leinier"]
[Black "Grischuk, Alexander"]
[Result "1/2-1/2"]
[WhiteElo "2687"]
[BlackElo "2831"]
[Annotator "TA"]
[PlyCount "60"]
[EventDate "2018.08.14"]
[EventType "tourn"]
[EventCountry "USA"]
[SourceTitle "playchess.com"]
[Source "ChessBase"]
[SourceQuality "1"]

{[%evp 21,60,18,25,27,16,22,17,15,10,9,89,0,34,-3,-4,-11,0,-7,0,-19,-29,-35,-29,-31,-28,-23,-7,-33,-26,-58,0,-110,0,0,0,0,0,0,0,0,0]} 1. e4 c5 2. Nf3 d6 3. d4 cxd4 4. Nxd4 Nf6 5. Nc3 a6 6. h3 e6 7. g4 Nfd7 {B81: Sicilian Scheveningen: Keres Attack} 8. Bg2 Be7 9. Be3 (9. g5 b5 10. e5 d5 11. f4 b4 12. Nce2 a5 13. Be3 Ba6 14. h4 Bc5 15. h5 Qb6 16. g6 hxg6 17. hxg6 Rxh1+ 18. Bxh1 fxg6 {½-½ (44) Karjakin,S (2782)-Grischuk,A (2766) Leuven 2018}) 9... Nc6 10. h4 O-O 11. g5 Nde5 {LiveBook: 9 Games} 12. Qe2 Nxd4 13. Bxd4 Nc6 14. Be3 Bd7 15. f4 Rc8 $146 {[#]} (15... Na5 $11 {remains equal.}) 16. O-O (16. Qf2 $1 $16) 16... f6 17. Rad1 fxg5 18. hxg5 e5 19. Nd5 exf4 20. Nxe7+ Qxe7 21. Bxf4 Ne5 {[#] ...Bb5 is the strong threat.} 22. Qd2 Bb5 23. Rf2 Rcd8 24. b3 Bc6 25. Qd4 Ng4 ({Better is} 25... Ng6 $15 26. Bc1 Rxf2 27. Qxf2 Bxe4) 26. Bxd6 (26. Rff1 $11 {was the only way to keep the balance.}) 26... Rxd6 (26... Rxf2 $17 27. Bxe7 Rxd4 28. Rxd4 Rxc2) 27. Rxf8+ $11 {The position is equal.} Qxf8 28. Qxd6 {aiming for Qe6+.} Qf2+ 29. Kh1 {Threatening mate with Qe6+.} Qh4+ 30. Kg1 {White threatens Qe6+ and mate.} Qf2+ {Precision: White = 40%, Black = 47%.} 1/2-1/2

[Event "GCT Saint Louis Blitz 2018"]
[Site "Saint Louis"]
[Date "2018.08.14"]
[Round "18"]
[White "Grischuk, Alexander"]
[Black "Aronian, Levon"]
[Result "1-0"]
[WhiteElo "2831"]
[BlackElo "2871"]
[Annotator "TA"]
[PlyCount "243"]
[EventDate "2018.08.14"]
[EventType "tourn"]
[EventCountry "USA"]
[SourceTitle "playchess.com"]
[Source "ChessBase"]
[SourceQuality "1"]

{[%evp 18,243,24,17,46,23,35,27,35,17,39,39,45,35,38,35,33,39,40,41,43,43,45,52,56,42,66,66,66,69,72,25,57,50,59,31,33,49,38,39,74,25,33,33,34,34,65,15,15,0,5,11,45,0,20,3,62,60,95,91,154,111,323,150,172,173,225,194,343,340,350,322,350,349,340,334,316,303,284,151,228,151,240,240,235,87,87,0,217,0,87,68,70,38,45,0,70,69,81,45,47,0,79,0,45,0,45,7,38,38,38,35,33,0,38,8,69,38,45,45,508,490,627,626,564,531,627,373,527,444,627,627,627,606,582,548,533,527,534,525,526,456,534,516,503,474,578,527,534,444,427,372,380,384,368,346,740,711,354,0,418,419,604,404,382,381,712,740,609,633,714,691,646,615,786,647,577,414,416,420,1310,1307,1131,740,890,423,1119,1112,917,708,1011,944,1143,1111,2052,2079,7320,6406,5759,2085,2761,1574,1675,1420,4591,1367,6111,1735,29958,29957,29952,1482,6551,6551,5103,4918,2312,4906,4339,2847,29969,29971,5915,0,29955,10970,29983,29984]} 1. Nf3 Nf6 2. g3 d5 3. Bg2 Bf5 4. c4 c6 5. O-O e6 6. Qb3 Qb6 7. d3 {A11: English Opening: 1...c6} Nbd7 8. cxd5 Qxb3 9. axb3 exd5 10. Bd2 {LiveBook: 5 Games} Bg4 $146 ({Predecessor:} 10... Nc5 11. Nd4 Bd7 12. b4 Ne6 13. Nb3 Be7 14. Bc3 O-O {½-½ (57) Giri,A (2798)-Tomashevsky,E (2728) Wijk aan Zee 2016}) 11. Bc3 Bxf3 12. Bxf3 Bd6 13. b4 O-O 14. Nd2 a6 15. Nb3 Rab8 16. Rfe1 Rfd8 17. Rad1 Ne8 18. e4 Nc7 19. e5 Bf8 20. d4 Nb6 21. Kg2 Na4 22. Ra1 Nxc3 23. bxc3 f6 24. exf6 gxf6 25. Be2 Re8 26. Bd3 Rxe1 27. Rxe1 Re8 28. Rd1 Re7 29. f4 Ne8 30. Kf3 Nd6 31. g4 Nb5 32. Bxb5 (32. Rc1 {seems wilder.} Rc7 33. h3 Be7 34. Nc5 Bd6 35. f5) 32... cxb5 $14 {[%mdl 4096] Endgame KRB-KRN} 33. h4 Rc7 34. Rd3 b6 35. g5 Ra7 36. Na1 a5 (36... Rf7 $11) 37. Nc2 Kf7 38. Kg4 Rc7 (38... fxg5 $142 39. hxg5 h6) 39. Kf5 $16 Bd6 $2 (39... Rc6 $16) 40. Na3 ({Not} 40. gxf6 Rc6 $16) (40. Ne3 $18) 40... Rc6 41. Nxb5 Bf8 (41... Be7 $142 42. bxa5 bxa5) 42. Rd1 fxg5 (42... axb4 $142 43. cxb4 Bxb4) 43. hxg5 $18 h6 44. bxa5 bxa5 45. Ra1 hxg5 46. fxg5 Be7 47. Rxa5 {[#] Black must now prevent Ra7.} Rg6 48. Ra7 ({White should play} 48. Nc7 $18) 48... Rxg5+ $16 49. Kf4 Rh5 {[#]} (49... Rg1 $16 {was called for.} 50. Ra6 Rh1) 50. Nc7 $1 $18 Kf6 51. Ra6+ (51. Kf3 $18) 51... Kf7 $16 52. Ra7 (52. Nb5 $16) 52... Kf6 $1 $18 {If only Black now had time for ...Bd6+....} 53. Ra6+ (53. Kg4 $18 {has better winning chances.} Rg5+ 54. Kf3) 53... Kf7 $16 54. Rc6 Bd8 55. Na6 (55. Nb5 $5 {[%cal Rb5d6]}) 55... Be7 56. Nc7 Bd8 $1 57. Nb5 Be7 58. Kg4 Rg5+ 59. Kf4 Rh5 $1 60. Nc7 Bd8 $1 61. Na6 (61. Ne6 $5 {[%cal Re6d8]} Bf6 62. Nc7 $16) 61... Be7 $1 62. Nb4 Ke8 (62... Bxb4 $5 63. cxb4 Ke7 $16) 63. Nd3 Kd7 $1 {[%cal Rd7c6]} 64. Ra6 Bd6+ 65. Ne5+ Ke6 66. Kg4 Rh7 (66... Rh2 $11) 67. Nd3 Rg7+ 68. Kf3 Rc7 $2 {[%mdl 8192]} ({Black should try} 68... Rg3+ $14 69. Ke2 Kd7) 69. Nf4+ $18 Kd7 70. Nxd5 Rb7 71. Ke4 Rb1 72. Kd3 Rc1 (72... Bg3 $142 73. Ra7+ Kd8) 73. Kc4 Rb1 (73... Bf8 $142 74. Nf6+ Kc7 75. Ra7+ Kb8) 74. Nf6+ Ke7 75. Ne4 Bf4 76. Ra7+ Ke6 77. Nc5+ Kf6 78. Rb7 Ra1 79. Nd3 Bd6 80. Rb6 Ke7 81. Nc5 Bg3 82. Rg6 Bf4 83. Nd3 Bd6 84. Nb4 Kd7 85. Nd5 Ra5 86. Rg7+ Kc8 $2 (86... Kc6 87. Ne7+ Kb7 88. Nf5+ Bc7) 87. Nb6+ Kb8 88. Nd5 $2 (88. Nd7+ $18 Kc8 89. Nb6+ Kb8 90. Kd3) 88... Bh2 $2 {[%mdl 8192]} (88... Kc8 $1 $11 {and Black stays safe.} 89. Ne7+ Kb7 90. Nf5+ Bc7) 89. Nb4 Rh5 (89... Kc8 $142 90. Rh7 Bg3) 90. Nc6+ Kc8 91. Ne7+ Kb8 $2 (91... Kd7 92. Nd5+ Ke6 93. Rg6+ Kf7) 92. Nd5 Bd6 93. Rd7 Bh2 94. Kc5 Kc8 95. Rf7 Rh6 96. Nb6+ Kd8 97. Rd7+ Ke8 98. Rb7 Bd6+ (98... Bg1 $142 99. Nd7 Rh3 100. Nf6+ Kf8) 99. Kb5 Rh5+ 100. Kc6 Ba3 101. Nc4 (101. c4 $142 Rh6+ 102. Kb5) 101... Bc1 (101... Rh3 $142 102. Rb3 (102. Nxa3 Rxc3+ 103. Kd6 Rxa3 $16) 102... Rh6+ 103. Kd5 Rh5+ 104. Ne5 Bc1 105. Rb8+ Ke7) 102. Nd6+ Kf8 103. Rf7+ Kg8 104. Rf3 Ra5 105. c4 {[%cal Bc3c4,Bc4c5][%mdl 32]} Ra6+ 106. Kd5 Bb2 107. c5 Ra8 108. Rf4 (108. c6 $142 Ra5+ 109. Ke6 Bxd4 110. c7 Re5+ 111. Kd7) 108... Rd8 109. Kc6 Ra8 110. d5 Be5 111. Rf5 (111. Re4 $142 Bc3 112. Re8+ Rxe8 113. Nxe8) 111... Bd4 112. Kb5 (112. Ne4 $142 Bh8 113. d6) 112... Ra1 113. Ne4 Re1 114. Rf4 (114. d6 $142 Bxc5 115. Nxc5 Re8 116. d7 Rb8+ 117. Ka6 Rd8 118. Kb7 Kh7 119. Kc7) 114... Be3 115. Rg4+ Kf7 116. Nd6+ Kf8 117. Re4 (117. Nc4 $142 Rb1+ 118. Kc6 Bxc5 119. Kxc5) 117... Rb1+ 118. Kc6 Bg1 119. Nc4 Rb8 120. Nd6 (120. Rf4+ $18 Ke7 121. d6+ Ke6 122. d7) 120... Rb1 $1 121. Nb7 Rc1 122. d6 {Precision: White = 55%, Black = 34%.} 1-0